| 000 | 01943cam a2200397 a 4500 | ||
|---|---|---|---|
| 999 |
_c7432 _d7432 |
||
| 001 | 11801019 | ||
| 003 | OSt | ||
| 005 | 20211110111509.0 | ||
| 008 | 991001s1996 ne ab b 100 0 eng d | ||
| 010 | _a 99458376 | ||
| 020 | _a2884492348 | ||
| 035 | _a(OCoLC)ocm35846220 | ||
| 040 |
_aGZM _cDDC _dIQU _dDLC |
||
| 042 | _alccopycat | ||
| 043 | _afe----- | ||
| 050 | 0 | 0 |
_aQH195.A23 _bL56 1996 |
| 082 | 0 | 0 |
_a511.48LIM 1996 _221 |
| 245 | 0 | 4 |
_aThe limnology, climatology and paleoclimatology of the East African lakes / _cedited by Thomas C. Johnson and Eric O. Odada ; with the assistance of Katherine T. Whittaker. |
| 260 |
_a The Netherlands : _bGordon and Breach Science Publishers, _cc1996. |
||
| 300 |
_axii, 664 p. : _bill., maps ; _c26 cm. |
||
| 500 | _a"Results of scientific investigations ... presented at the IDEAL (International Decade for the East African Lakes) Symposium on the Limnology, Climatology and Paleoclimatology of the East African Lakes, at Jinja, Uganda, in February 1993"--P. xii. | ||
| 504 | _aIncludes bibliographical references. | ||
| 650 | 0 |
_aLimnology _zAfrica, East _vCongresses. _915221 |
|
| 650 | 0 |
_aLake ecology _zAfrica, East _vCongresses. _915222 |
|
| 650 | 0 |
_aPaleoclimatology _zAfrica, East _vCongresses. _915223 |
|
| 650 | 0 |
_aLakes _zAfrica, East _vCongresses. _915224 |
|
| 651 | 0 |
_aAfrica, East _xClimate _vCongresses. _915225 |
|
| 700 | 1 |
_aJohnson, Thomas C. _915226 |
|
| 700 | 1 |
_aOdada, Eric O. _q(Eric Onyango) _915227 |
|
| 700 | 1 |
_aWhittaker, Katherine T. _915228 |
|
| 710 | 2 |
_aInternational Decade for the East African Lakes. _915229 |
|
| 711 | 2 |
_aIDEAL Symposium on the Limnology, Climatology and Paleoclimatology of the East African Lakes _d(1993 : _cJinja, Uganda) _915230 |
|
| 906 |
_a7 _bcbc _ccopycat _d2 _encip _f19 _gy-gencatlg |
||
| 942 |
_2ddc _cO_SHELF |
||